<?xml version="1.0" encoding="UTF-8"?>
<record
    xmlns:xsi="http://www.w3.org/2001/XMLSchema-instance"
    xsi:schemaLocation="http://www.loc.gov/MARC21/slim http://www.loc.gov/standards/marcxml/schema/MARC21slim.xsd"
    xmlns="http://www.loc.gov/MARC21/slim">

  <leader>00734nam a22002417a 4500</leader>
  <controlfield tag="003">UA-OsUOA</controlfield>
  <controlfield tag="001"> 94289 </controlfield>
  <controlfield tag="007">ta</controlfield>
  <controlfield tag="008">20130207b un ||||| |||| 00| 0 ukr d</controlfield>
  <datafield tag="100" ind1=" " ind2=" ">
    <subfield code="a">&#x424;&#x430;&#x442;&#x445;&#x443;&#x442;&#x434;&#x456;&#x43D;&#x43E;&#x432;&#x430; &#x41E;. &#x412;.</subfield>
  </datafield>
  <datafield tag="090" ind1=" " ind2=" ">
    <subfield code="a">37.03:34</subfield>
    <subfield code="b">&#x424;27</subfield>
  </datafield>
  <datafield tag="942" ind1=" " ind2=" ">
    <subfield code="c">BK</subfield>
  </datafield>
  <datafield tag="040" ind1=" " ind2=" ">
    <subfield code="a">UA-OsUOA</subfield>
    <subfield code="b">ukr</subfield>
    <subfield code="c">UA-OsUOA</subfield>
    <subfield code="d">UA-OsUOA</subfield>
  </datafield>
  <datafield tag="245" ind1=" " ind2=" ">
    <subfield code="a">&#x41F;&#x440;&#x430;&#x432;&#x43E;&#x432;&#x430; &#x43E;&#x441;&#x432;&#x456;&#x442;&#x430; &#x443; &#x434;&#x438;&#x441;&#x43A;&#x443;&#x440;&#x441;&#x456; &#x444;&#x43E;&#x440;&#x43C;&#x443;&#x432;&#x430;&#x43D;&#x43D;&#x44F; &#x441;&#x432;&#x456;&#x434;&#x43E;&#x43C;&#x43E;&#x441;&#x442;&#x456; &#x43E;&#x441;&#x43E;&#x431;&#x438;&#x441;&#x442;&#x43E;&#x441;&#x442;&#x456;</subfield>
    <subfield code="b">&#x43C;&#x43E;&#x43D;&#x43E;&#x433;&#x440;&#x430;&#x444;&#x456;&#x44F;</subfield>
  </datafield>
  <datafield tag="300" ind1=" " ind2=" ">
    <subfield code="a">376 &#x441;.</subfield>
  </datafield>
  <datafield tag="955" ind1=" " ind2=" ">
    <subfield code="a">1</subfield>
  </datafield>
  <datafield tag="041" ind1=" " ind2=" ">
    <subfield code="a">ukr</subfield>
  </datafield>
  <datafield tag="080" ind1=" " ind2=" ">
    <subfield code="a">37.03:34</subfield>
  </datafield>
  <datafield tag="020" ind1=" " ind2=" ">
    <subfield code="a">978-966-2374-32-2</subfield>
  </datafield>
  <datafield tag="260" ind1=" " ind2=" ">
    <subfield code="a">&#x41A;.</subfield>
    <subfield code="b">&#x412;&#x406;&#x420; &#x423;&#x410;&#x41D;</subfield>
    <subfield code="c">2012</subfield>
  </datafield>
  <datafield tag="650" ind1=" " ind2="7">
    <subfield code="a">37.0 &#x41E;&#x441;&#x43D;&#x43E;&#x432;&#x43D;&#x456; &#x432;&#x438;&#x434;&#x438; &#x442;&#x430; &#x43F;&#x440;&#x438;&#x43D;&#x446;&#x438;&#x43F;&#x438; &#x43E;&#x441;&#x432;&#x456;&#x442;&#x438;</subfield>
    <subfield code="2">UDC</subfield>
  </datafield>
  <datafield tag="999" ind1=" " ind2=" ">
    <subfield code="c">380529</subfield>
    <subfield code="d">380529</subfield>
  </datafield>
  <datafield tag="952" ind1=" " ind2=" ">
    <subfield code="0">0</subfield>
    <subfield code="1">0</subfield>
    <subfield code="2">udc</subfield>
    <subfield code="4">0</subfield>
    <subfield code="7">0</subfield>
    <subfield code="a">102</subfield>
    <subfield code="b">102</subfield>
    <subfield code="d">2013-02-07</subfield>
    <subfield code="e">5/2013</subfield>
    <subfield code="g">12.00</subfield>
    <subfield code="i">141473</subfield>
    <subfield code="l">0</subfield>
    <subfield code="o">37.03:34 &#x424;27</subfield>
    <subfield code="p">141473</subfield>
    <subfield code="r">2022-02-07 00:00:00</subfield>
    <subfield code="w">2013-02-07</subfield>
    <subfield code="y">BK</subfield>
  </datafield>
  <datafield tag="952" ind1=" " ind2=" ">
    <subfield code="0">0</subfield>
    <subfield code="1">0</subfield>
    <subfield code="2">udc</subfield>
    <subfield code="4">0</subfield>
    <subfield code="7">0</subfield>
    <subfield code="a">102</subfield>
    <subfield code="b">102</subfield>
    <subfield code="d">2013-02-07</subfield>
    <subfield code="e">5/2013</subfield>
    <subfield code="g">12.00</subfield>
    <subfield code="i">141474</subfield>
    <subfield code="l">0</subfield>
    <subfield code="o">37.03:34 &#x424;27</subfield>
    <subfield code="p">141474</subfield>
    <subfield code="r">2022-02-07 00:00:00</subfield>
    <subfield code="w">2013-02-07</subfield>
    <subfield code="y">BK</subfield>
  </datafield>
  <datafield tag="952" ind1=" " ind2=" ">
    <subfield code="0">0</subfield>
    <subfield code="1">0</subfield>
    <subfield code="2">udc</subfield>
    <subfield code="4">0</subfield>
    <subfield code="7">0</subfield>
    <subfield code="a">102</subfield>
    <subfield code="b">102</subfield>
    <subfield code="d">2013-02-07</subfield>
    <subfield code="e">5/2013</subfield>
    <subfield code="g">12.00</subfield>
    <subfield code="i">141475</subfield>
    <subfield code="l">0</subfield>
    <subfield code="o">37.03:34 &#x424;27</subfield>
    <subfield code="p">141475</subfield>
    <subfield code="r">2021-11-16 00:00:00</subfield>
    <subfield code="w">2013-02-07</subfield>
    <subfield code="y">BK</subfield>
  </datafield>
</record>
